000 00541nam a2200169 i 4500
001 98448
003 ES-MaACL
005 20250729020314.0
007 t|
008 050902s1915 sp ||||1| spa d
245 0 0 _aSituación del personal del Cuerpo de Archiveros, Bibliotecarios y Arqueólogos en 1º de febrero de 1915.
260 _a[S.l. :
_bs.n.,
_c1915?]
300 _a7 p. ;
_c24 cm.
610 2 4 _aCuerpo Facultativo de Archiveros, Bibliotecarios y Arqueólogos
_93354
852 _aES-MaACL
_jC-15737(4)
999 _c98448
_d98448